| 000 -CABECERA |
| campo de control de longitud fija |
01108nam a22002177a 4500 |
| 005 - FECHA Y HORA DE LA ÚLTIMA TRANSACCIÓN |
| campo de control |
20210504103902.0 |
| 008 - DATOS DE LONGITUD FIJA--INFORMACIÓN GENERAL |
| campo de control de longitud fija |
210504s1988 pe a|||| |||| 00| 0 spa d |
| 020 ## - NÚMERO INTERNACIONAL ESTÁNDAR DEL LIBRO |
| ISBN |
84-7764-129-3 |
| 040 ## - FUENTE DE LA CATALOGACIÓN |
| Centro/agencia transcriptor |
CAAAP |
| 050 ## - SIGNATURA TOPOGRÁFICA DE LA BIBLIOTECA DEL CONGRESO |
| Número de clasificación |
FP |
| Número de documento/Ítem |
355 D63 |
| 500 ## - NOTA GENERAL |
| Nota general |
Bibliografía:p. [197] |
| 245 ## - MENCIÓN DE TÍTULO |
| Título |
Departamento de San Martín / |
| Mención de responsabilidad, etc. |
[director, Pedro Felipe Cortázar]. |
| 250 ## - MENCIÓN DE EDICIÓN |
| Mención de edición |
nueva ed. totalmente act. |
| 260 ## - PUBLICACIÓN, DISTRIBUCIÓN, ETC. |
| Lugar de publicación, distribución, etc. |
Barcelona : |
| Nombre del editor, distribuidor, etc. |
Océano, |
| Fecha de publicación, distribución, etc. |
1988. |
| 300 ## - DESCRIPCIÓN FÍSICA |
| Extensión |
159, [1] p., [8] p. de láms. : |
| Otras características físicas |
il. (algunas col.), mapas, retrs. ; |
| Dimensiones |
21 cm. |
| 521 ## - NOTA DE PÚBLICO DESTINATARIO |
| Nota de público destinatario |
Contiene caracteristicas principales del Dep. de San Martín, aspectos geográficos: el Huallaga central, El Mijano, rutas de acceso-La Marginal de la selva; folklore: techos selvaticos, loslamistas, fiestas típicas, datos históricos: Gran Pajaten, caracteristicas economicas: zonas agricolas, tabaco, coca; sus provincias. |
| 651 #0 - PUNTO DE ACCESO ADICIONAL DE MATERIA--NOMBRE GEOGRÁFICO |
| 9 (RLIN) |
2692 |
| Nombre geográfico |
San Martín (Perú : Departamento) |
| Subdivisión general |
Descripciones y viajes. |
| 651 #0 - PUNTO DE ACCESO ADICIONAL DE MATERIA--NOMBRE GEOGRÁFICO |
| 9 (RLIN) |
2693 |
| Nombre geográfico |
San Martín (Perú : Departamento) |
| Subdivisión general |
Historia. |
| 700 1# - PUNTO DE ACCESO ADICIONAL--NOMBRE DE PERSONA |
| 9 (RLIN) |
2694 |
| Nombre de persona |
Cortázar, Pedro Felipe |
| Término indicativo de función/relación |
director |
| 942 ## - ELEMENTOS PERSONALIZADOS KOHA |
| Fuente del sistema de clasificación o colocación |
|
| Fecha de catalogación |
DD - MM - AA |
| Tipo de ítem Koha |
Libros |